|
|
|
|
| LEADER |
01185nam a22002892a 4500 |
| 001 |
000129978 |
| 003 |
CZ BrMZK |
| 005 |
20120217140541.0 |
| 007 |
ta |
| 008 |
950101s1978 xr f cze d |
| 015 |
|
|
|a cnb000407080
|
| 035 |
|
|
|a (OCoLC)42180235
|
| 040 |
|
|
|a ABA001
|b cze
|c ABA001
|d ABA001
|
| 080 |
9 |
|
|a 581.9(437.265)
|
| 245 |
0 |
0 |
|a Materiály ke květeně Moravskoslezských Beskyd, Podbeskydské pahorkatiny a okrajové části Ostravské pánve :
|b výsledky floristického kursu Čs. botanické společ. při ČSAV ve Frýdku-Místku 4.-13. července 1975 /
|c red. Vladimír Skalický ... [et al.]
|
| 246 |
3 |
4 |
|a Materiály z floristického kursu
|
| 260 |
|
|
|a Frýdek-Místek :
|b Okresní vlastivědné muzeum,
|c 1978
|
| 300 |
|
|
|a 244 s. +
|e 4 mapy
|
| 490 |
1 |
|
|a Práce a studie ;
|v č. 3
|
| 504 |
|
|
|a Obsahuje bibliografii
|
| 546 |
|
|
|a Německé resumé
|
| 700 |
1 |
|
|a Skalický, Vladimír,
|d 1930-1994
|7 jk01111464
|4 edt
|
| 830 |
|
0 |
|a Práce a studie (Okresní vlastivědné muzeum Frýdek-Místek)
|
| 910 |
|
|
|a BOA001
|b 2-0801.078
|
| 990 |
|
|
|a BK
|
| 991 |
|
|
|b 201108
|
| 996 |
6 |
|
|b 2619974038
|c 2-0801.078
|l MZK
|r Sklad / do 1 hodiny
|n 14
|w 000129978
|u 000010
|a 1
|e BOA001
|j MZK50
|s P
|